Zapatismo and the Emergence of Indigenous Feminism /

Պահպանված է:
Մատենագիտական մանրամասներ
Հիմնական հեղինակ: Hernández Castillo, R. Aída
Ձևաչափ: Տեքստ
Խորագրեր:
Ցուցիչներ: Ավելացրեք ցուցիչ
Չկան պիտակներ, Եղեք առաջինը, ով նշում է այս գրառումը!

MARC

LEADER 00000 a a2200000 04500
001 9956
003
040
100 |a Hernández Castillo, R. Aída  
245 |a Zapatismo and the Emergence of Indigenous Feminism /  |c R. Aída Hernández Castillo 
650 |a MOVIMIENTOS DE MUJERES  
650 |a POBLACION INDIGENA  
650 |a GENERO  
650 |a MEXICO  
773 |g volumen 35, número 6; páginas 39-43  
999 |c 27866  |d 27866